Az anatómus és a festő. A Hutcheson-Hume-vita a morálfilozófus szerepéről
Elmentve itt :
| Szerző: | |
|---|---|
| Adatforrás: | Philobibl |
| Forrásdokumentuma: | Protestáns Szemle 4 1995/1., 27-46. p. |
| Dokumentumtípus: | Cikk |
| Nyelv: | magyar |
| Kulcsszavak: | felvilágosodás, angol Hume Hutcheson morálfilozófia |
| LEADER | 00472nab a2200145 c 4500 | ||
|---|---|---|---|
| 001 | bibDOK00005473 | ||
| 005 | 20200924120136.7 | ||
| 008 | 060518s1995 hu hun | ||
| 100 | 1 | |a Horkay Hörcher Ferenc | |
| 245 | 1 | 3 | |a Az anatómus és a festő. A Hutcheson-Hume-vita a morálfilozófus szerepéről |c Horkay Hörcher Ferenc |
| 695 | |a felvilágosodás, angol | ||
| 695 | |a Hume | ||
| 695 | |a Hutcheson | ||
| 695 | |a morálfilozófia | ||
| 773 | 0 | |t Protestáns Szemle 4 |g 1995/1., 27-46. p. | |